The rough guide to Thailand's beaches & islands
| Main Author: | |
|---|---|
| Other Authors: | |
| Format: | Book |
| Published: |
New York :
Rough guides ,
2004
|
| Series: | The rough guide to
|
| Subjects: |
MARC
| LEADER | 00000cam a2200000 7i4500 | ||
|---|---|---|---|
| 001 | 0000017651 | ||
| 005 | 20080528.0 | ||
| 008 | 080528 | ||
| 020 | |a 1843532743 | ||
| 090 | 0 | 0 | |a 915.930444 |b GRA |
| 100 | 1 | |a Gray , Paul | |
| 245 | 1 | 4 | |a The rough guide to Thailand's beaches & islands |c Paul Gray and Lucy Ridout |
| 260 | |a New York : |b Rough guides , |c 2004 | ||
| 440 | |a The rough guide to | ||
| 650 | 0 | |a Beaches |x Thailand |x guide books | |
| 650 | 0 | |a Thailand |x Guide books | |
| 700 | 1 | |a Ridout , lucy | |
| 999 | |a 0001017398 |b Book |c Adult Collection |e Perbadanan Perpustakaan Awam Johor | ||